| 000 | 06262cam a2200709 i 4500 | ||
|---|---|---|---|
| 001 | 20705253 | ||
| 005 | 20250513085556.0 | ||
| 008 | 181015m20189999caua 6 000 1 eng | ||
| 010 | _a 2018045865 | ||
| 020 | _a9781401289218 | ||
| 040 |
_aDLC _beng _cDLC _erda |
||
| 041 | _aeng | ||
| 042 | _apcc | ||
| 050 | 0 | 0 |
_aPN6728.C699 _bC75 2018 |
| 245 | 0 | 0 |
_aCrisis on infinite earths _b: companion _c/ Marv Wolfman, Roy Thomas, Gerry Conway, Steve Englehart, Doug Moench, Paul Kupperberg, Alan Moore, Robert Loren Fleming, Todd Klein, Gary Cohn, Dan Mishkin, Mindy Newell, writers ; Curt Swan, Arvell Jones, Gerry Acerno, Gene Colan, Stephen Bissette, Ernie Colón, Shawn McManus, pencilers ; Al Dellinges, Tim Burgard, artists ; Karl Kesel, Bill Collins, Mark Farmer, inkers ; Tatjana Wood, Carl Gafford, Michele Wolfman, colourists ; Agustin Mas, Bob Lappan, letterer. |
| 250 |
_aDeluxe edition ; _bvol. 2 |
||
| 264 | 1 |
_aBurbank, CA : _bDC Comics, _c2018 |
|
| 300 |
_avolumes : _bchiefly color illustrations ; _c29 cm. |
||
| 490 |
_aCrisis on infinite earths ; _vvol. 2. |
||
| 500 | _av. 1: Marv Wolfman, Roy Thomas, Gerry Conway, Steve Englehart, Curt Swan, Arvell Jones, Al Dellinges, Jerry Acerno, Tim Burgard [and others] | ||
| 500 | _av. 2: Doug Moench, Gene Colan, Paul Kupperberg, Alan Moore, Stephen R. Bissette, Marv Wolfman, Roy Thomas, Gerry Conway [and others] | ||
| 500 | _av. 3: writers, Robert Loren Fleming, Todd Klein, Gary Cohn, Dan Mishkin, Mindy Newell, Alan Moore [and others] ; pencillers, Ernie Colón, Shawn McManus, Alan Kupperberg, [and others] ; inkers, Karl Kesel, Shawn McManus, Bill Collins, Mark Farmer [and others] ; colorists, Tatjana Wood, Carl Gafford, Michele Wolfman [and others] ; letterers, Agustin Mas, Todd Klein, Bob Lappan [and others]. | ||
| 500 | _a"Firehawk created by Gerry Conway - Firestorm created by Gerry Conway and Al Milgrom - Harbinger created by Marv Wolfman and George Pérez - The Spectre created by Jerry Siegel and Bernard Baily - Superman created by Jerry Siegel and Joe Shuster, by special arrangement with the Jerry Siegel family - Tomahawk created by Joe Samachson - Swamp Thing created by Len Wein and Bernie Wrightson - Infinity Inc. created by Roy Thomas, Mike Machlan and Todd McFarlane - The New Teen Titans created by Marv Wolfman and George Pérez" | ||
| 500 | _av. 1: "Originally published in single magazine form in DC COMICS PRESENTS 78, ALL-STAR SQUADRON 50-60, THE FURY OF FIRESTORM 41-42, GREEN LANTERN 194-198."--Title page verso. | ||
| 500 | _av. 2: "Originally published in single magazine form in DETECTIVE COMICS 558, DC COMICS PRESENTS 86, SWAMP THING 44, THE LOSERS SPECIAL 1, INFINITY INC. 18-25, INFINITY INC. ANNUAL 1, JUSTICE LEAGUE OF AMERICA 244, 245, THE NEW TEEN TITANS (VOLUME 2) 13, 14, LEGENDS OF THE DC UNIVERSE: CRISIS ON INFINITE EARTHS 1."--Title page verso. | ||
| 500 | _av. 3: "Originally published in single magazine form in Amethyst 13, The Omega Men 31, 33, Blue Devil 17, 18, Wonder Woman 327-329, Swamp Thing 46, Legion of Super-Heroes 16, 18, Superman 413-415, DC Comics Presents 87, 88, 94, 95, Justice League of America Annual 3, Superman and Batman: World's Funniest 1."--Title page verso. | ||
| 520 | _aAll the tie-in stories to Marv Wolfman and George Pérez's CRISIS ON INFINITE EARTHS are finally collected in this massive deluxe compendium, CRISIS ON INFINITE EARTHS COMPANION DELUXE EDITION VOL. 1! In 1985, DC Comics dramatically altered comics' original universe with CRISIS ON INFINITE EARTHS, a 12-issue series that rocked the comics community. This landmark graphic novel is one of the most nuanced, sweeping sagas ever told. Now, all the tie-in stories are finally collected in this massive deluxe compendium CRISIS ON INFINITE EARTHS COMPANION DELUXE EDITION VOL. 1! This hardcover edition features all the action that spilled over into numerous comic books from Marv Wolfman and George Perez's unbelievable graphic novel, including tales with the Justice League, Wonder Woman, Green Lantern and the New Teen Titans, as well as cult classic characters like the Omega Men and Firestorm! CRISIS ON INFINITE EARTHS COMPANION DELUXE EDITION VOL. 1 is a must-have for all collectors and fans of the original CRISIS ON INFINITE EARTHS series, as well as any completists who have yet to see many of these stories recollected in print! This graphic novel includes JUSTICE LEAGUE OF AMERICA #244, JUSTICE LEAGUE OF AMERICA ANNUAL #3, GREEN LANTERN #194, WONDER WOMAN #327-328, LOSERS SPECIAL #1, INFINITY INC. 318-20, DC COMICS PRESENTS #87-88, OMEGA MEN #31, BLUE DEVIL #17-18, NEW TEEN TITANS #13-14, ALL-STAR SQUADRON #50-51 and FURY OF FIRESTORM #87. | ||
| 655 | 0 |
_aSuperhero comics _923021 |
|
| 655 | 0 |
_aScience fiction comic books, strips, etc. _924499 |
|
| 655 | 0 |
_aComics (Graphic works) _923020 |
|
| 655 | 0 |
_aGraphic novels _923022 |
|
| 700 |
_aWolfman, Marv _ewriter _914235 |
||
| 700 |
_aThomas, Roy _d1940- _ewriter _914236 |
||
| 700 |
_aConway, Gerry _ewriter _914234 |
||
| 700 |
_aEnglehart, Steve _ewriter _925183 |
||
| 700 |
_aSwan, Curt _epenciller _924789 |
||
| 700 |
_aJones, Arvell _epenciller _925184 |
||
| 700 |
_aDellinges, Al _eartist _925185 |
||
| 700 |
_aAcerno, Gerry _epenciller _925186 |
||
| 700 |
_aBurgard, Tim _eartist _925187 |
||
| 700 |
_aMoench, Doug _d1948- _ewriter _925188 |
||
| 700 |
_aColan, Gene _epenciller _925189 |
||
| 700 |
_aKupperberg, Paul _ewriter _925190 |
||
| 700 |
_aMoore, Alan _d1953- _ewriter _914398 |
||
| 700 |
_aBissette, Stephen _epenciller _925191 |
||
| 700 |
_aFleming, Robert Loren _ewriter _925192 |
||
| 700 |
_aKlein, Todd _ewriter _eletterer _914231 |
||
| 700 |
_aCohn, Gary _ewriter _925193 |
||
| 700 |
_aMishkin, Daniel _ewriter _925194 |
||
| 700 |
_aNewell, Mindy _ewriter. _925195 |
||
| 700 |
_aColón, Ernie _epenciller _925196 |
||
| 700 |
_aMcManus, Shawn _epenciller _einker _925197 |
||
| 700 |
_aKesel, Karl _einker _924462 |
||
| 700 |
_aCollins, Bill _einker _925198 |
||
| 700 |
_aFarmer, Mark _einker _924801 |
||
| 700 |
_aWood, Tatjana _ecolourist _925199 |
||
| 700 |
_aGafford, Carl _ecolourist _925201 |
||
| 700 |
_aWolfman, Michele _ecolourist _925202 |
||
| 700 |
_aMas, Agustin _eletterer _925203 |
||
| 700 |
_aLappan, Bob _eletterer _925204 |
||
| 942 | _2lcc | ||
| 999 |
_c3449 _d3449 |
||